000 00335 a2200145 4500
005 20250610093444.0
020 _a978-1-84480-945-5
082 _a657.42 LUC
100 _aLUCEY T.
245 _aCosting
250 _a7th Ed.
260 _aNew Dehli
_bSouth-Western
_c2009
300 _axiii,578p.;table
_bIndex
_c24cm
942 _2ddc
_cBKS
999 _c3352
_d3352